000 01126nam a22003017a 4500
003 UPN
005 20240305063637.0
008 240223s2023 mx ao||br|||| 00| 0 spa d
020 _a9786075519708
040 _aMX-MxUPN
_bspa
041 _aspa
050 4 _aLB1027.43 M66
_bA95 2023
245 0 0 _aProyectos de aula :
_bsexto grado
250 _aPrimera edición
260 _aCiudad de México :
_bSecretaria de Educación Pública, Comisión Nacional de Libros de Texto Gratuitos,
_c2023.
300 _a357 páginas :
_bilustraciones, fotografías
650 4 _aAprendizaje basado en proyectos
_927842
650 4 _92812
_aCiencias naturales
_xEstudio y enseñanza (Elemental)
650 4 _92807
_aCivismo
_xEstudio y enseñanza (Elemental)
650 4 _97402
_aCiencia
_xEstudio y enseñanza (Elemental)
650 4 _aNueva Escuela Mexicana
_951254
650 4 _aCiencia
_951255
_vLibros de texto
650 4 _aCiencias naturales
_910151
_vLibros de texto
650 4 _aCivismo
_944490
_vLibros de texto
902 _aGCH230224
_bMaríaRobles/290224
942 _2lcc
_cLIBRO
_n0
999 _c211082
_d211082